01042nam a2200229 a 4500001001000000003000500010005001700015008004100032010001100073011001100084040000900095100002600104245025200130260004100382500006000423502010700483650002900590650005700619650003700676650002900713856007000742000116271CHAP20220329144608.0191017s2019 mx a |sm |||||||spa d a112732 a113704 cCHAP1 aGuillen Cruz, Rafael.10aExperiencia profesional en procesos de certificación orgánica y comercio justo de organizaciones de pequeños productores de café en el Estado de Chiapas, caso Fedcafe F.C. de R.L. y Ucoaac S. de S.S.h[En línea]cpor Rafael Guillen Cruz. aChapingo, Méx. :bEl autor,c2019. aPara ver el contenido del material haga clic en la liga aTesis (Ingeniero en Economía Agrícola) -- UACH. División de Ciencias Económico-Administrativas14aCaféxCertificación.14aCaféxOrganización de productoresxEvaluación.14aCaféxSociedades cooperativas.14aCafeticultoreszChiapas. aFinding aiduhttp://10.13.5.2/tesis/sist116271.pdfzTeclea aquí